| 000 | 00794nam a2200241 a 4500 | ||
|---|---|---|---|
| 005 | 20240912063802.0 | ||
| 008 | 991125s1974 mx 000 0 spa u | ||
| 020 | _a843750032X | ||
| 035 | _aUPN01000011014 | ||
| 049 | _aCG | ||
| 050 | 4 |
_aBD143 _bK5.28 |
|
| 245 | 0 | 0 |
_aConocimiento y creencia / _ced. por A. Phillips Griffiths ; tr. Francisco Caracheo. |
| 260 |
_aMéxico : _bFCE, _c1974. |
||
| 300 | _a255 p. | ||
| 440 | 0 |
_aBreviarios del Fondo de Cultura Económica ; _v245 |
|
| 534 |
_pTraducción de : _tKnowledge and besief |
||
| 590 | _aBibliografía Básica (BGTQ) | ||
| 590 | 0 | _a(También localizas un ejemplar en el "Área de Reserva") | |
| 650 | 4 |
_aTeoría del conocimiento _91707 |
|
| 650 | 4 |
_aCreencia y duda _911296 |
|
| 700 | 1 |
_aGriffiths, Phillips, _eed. |
|
| 905 | _aLibro | ||
| 999 |
_c11014 _d11014 |
||